Essays relating to agriculture and rural affairs (Record no. 113531)

MARC details
000 -LEADER
fixed length control field 00715cam a22001815a 4500
001 - CONTROL NUMBER
control field L155388
008 - FIXED-LENGTH DATA ELEMENTS--GENERAL INFORMATION
fixed length control field 120320m17791796xxk f 000 0 eng d
035 ## - SYSTEM CONTROL NUMBER
System control number (Sirsi) u155388
041 0# - LANGUAGE CODE
Language code of text/sound track or separate title eng
100 1# - MAIN ENTRY--PERSONAL NAME
Personal name Anderson, James
Dates associated with a name 1739-1808
245 00 - TITLE STATEMENT
Title Essays relating to agriculture and rural affairs
Remainder of title ... . The third edition, with large additions. By James Anderson, Farmer at Monks-Hill, Aberdeenshire
260 ## - PUBLICATION, DISTRIBUTION, ETC.
Place of publication, distribution, etc. Dublin
Name of publisher, distributor, etc. printed for W. Hallhead, E. Lynch, L. Flin, C. Jenkin, J. Williams, L. White, and W. Spotswood
Date of publication, distribution, etc. MDCCLXXIX. [1779-1796]
300 ## - PHYSICAL DESCRIPTION
Extent 3v., plates
Dimensions 8o
583 ## - ACTION NOTE
Action Condition reviewed
Time/date of action 20120620
Status condition level 2
651 #4 - SUBJECT ADDED ENTRY--GEOGRAPHIC NAME
Geographic name Great Britain
Chronological subdivision 1707-
690 ## - LOCAL SUBJECT ADDED ENTRY--TOPICAL TERM (OCLC, RLIN)
Topical term or geographic name as entry element Rural
9 (RLIN) 6268
942 ## - ADDED ENTRY ELEMENTS (KOHA)
Suppress in OPAC 0
Holdings
Withdrawn status Lost status Damaged status Not for loan Home library Current library Shelving location Date acquired Total Checkouts Full call number Barcode Date last seen Copy number Price effective from Koha item type Source of classification or shelving scheme
        Historic collection Historic collection Historic collection 20/03/2012   AGRICULTURE OCTAVO 1779 ANDERSON VOL. 1 30075925 20/08/2025 1 06/08/2019 Book  
        Historic collection Historic collection Historic collection 30/01/2013   OCTAVO 1779 ANDERSON VOL. 2 30078076 06/08/2019 1 06/08/2019 Book Dewey Decimal Classification
        Historic collection Historic collection Historic collection 30/01/2013   AGRICULTURE OCTAVO 1779 ANDERSON VOL. 3 30078072 20/08/2025 1 06/08/2019 Book